000 01706cam a22004934i 4500
003 PE-LiUPU
005 20250731173324.0
008 150625s r 000 0 d
020 _a8472396339
035 _a(Sirsi) i9788472396333
040 _aPE-LiUPU
_bspa
_cPE-LiUPU
_erda
049 _aPRUA
082 0 4 _a266
_bP36
_221
245 0 0 _aDiccionario de pastoral y evangelización /
_cVicente Ma Pedrosa, Jesús Sastre y Raúl Berzosa, directores.
264 1 _aBurgos :
_bMonte Carmelo,
_c[2001].
300 _a1122 páginas ;
_c26 centímetros
300 _aSuplemento de voces
336 _atext
_2rdacontent
337 _aunmediated
_2rdamedia
338 _avolume
_2rdacarrier
490 0 _aDiccionarios "MC"
505 0 _aDiccionario de pastoral y evangelización de A-Z.
526 _aSEG42
526 _aSEG41
526 _aSEG40
526 _aSEG39
526 _aP94
526 _aP87
526 _aP86
526 _aP85
526 _aP77
526 _aP76
526 _aP35
541 _g006-0034605;
650 0 4 _aEvangelización
_vDiccionarios.
650 0 4 _aPastoral
_vDiccionarios.
700 1 _aBerzosa, Raúl,
_edirector.
700 1 _aPedrosa, Vicente Ma.,
_edirector.
942 _2ddc
_cBOOK
949 _a266 P36
_wDEWEY
_c1
_i57806
_lCCODEBUL1
_mBUL
_p96.00
_r0
_sY
_tBOOK
_u2015-6-25
_xTEOLOGIA
_zUNKNOWN
_0COMPRA
_o.STAFF. Colección General
994 _aC0
_bPEPRU
596 _a1
999 _a266 P36
_wDEWEY
_c46803
_i57806
_f2021-11-10
_g5
_lCCODEBUL1
_mBUL
_p96.00
_q1
_r0
_sY
_tBOOK
_u2015-6-25
_xTEOLOGIA
_zUNKNOWN
_0COMPRA
_o.STAFF. Colección General
_d46803
980 _81
_gALBERTO SANCHEZ Responsable de Automatización